000 00303nam a2200133Ia 4500
005 20260326100035.0
008 260326s9999||||xx |||||||||||||| ||und||
100 _aHuyghe, Rene
245 0 _aEl Arte y el Hombre /
_cRene Huyghe
260 _bLarousse
300 _a248 p.
650 _aARTE
942 _cBK
999 _c6752
_d6752